Pays qui possédaient Téhéran à travers l'histoire - Statistiques

Statistiques générales
  • Ce quiz a été pris 49 fois
  • Le résultat moyen est 4 sur 13
Statistiques - réponses
Période Pays % Correct
1925 - 1979 État Impérial d'Iran
95%
1979 - Aujourd'hui République Islamique d'Iran
95%
1256 - 1336 Ilkhanat de Perse
81%
1941 Invasion Anglo-soviétique
56%
1231 - 1256 Empire Mongol
44%
1400 - 1467 Empire Timouride / Tamerlan
14%
1508 - 1736 Séfévides
12%
1467 - 1508 Aq Qoyunlu / Moutons Blancs
7%
1751 - 1794 Zand
7%
1736 - 1751 Afcharides
5%
1794 - 1925 Kadjar
5%
1336 - 1400 Djalayirides
2%
1220 - 1231 Empire Kayozen
2%
Aucun quiz correspondant
Distribution des résultats
% des personnes avec chaque résultat
Percentile par nombre de réponses
Votre historique - résultats
Vous n’avez pas pris ce quiz